000 00699nas a2200241 4500
001 BR9100023
003 BR-BrBNA
005 20231205091853.0
007 ta
008 230509b bl.|||p| |||| 00| 00por d
040 _aBR-BrBNA
_bpor
_cBiblioteca Nacional de Agricultura
041 _a(Pt)
072 _aF08
100 1 _aBaggio, A.J.
100 1 _aCarpanezzi, O.B.
245 1 _aAlguns sistemas de arborizacao de pastagens
650 _aPASTAGEM
650 _aAGROSSILVICULTURA
650 _aARBORIZACAO
773 0 _tBoletim de Pesquisa Florestal (Brazil)
_xISSN 0101-1057
_g(Dec 1988), (no. 17) p. 47-60
_wBR9100023
909 _a202311
_bLúcia
_c55
_dLúcia Elande
942 _2AGRIS
_n0
_cANA
999 _c127858
_d127858